Statistiken für Alle Pokémon mit "C"

Klicken Sie hier um das Quiz zu spielen!

Allgemein

  • Dieses Quiz wurde 34 mal gespielt
  • Das Durchschnittsergebnis liegt bei 13 aus 34

Antwortstatistiken

TypPokémon% Korrekt
Pflanze 🌿Chelast
82%
Pflanze / BodenChelterrar
73%
Normal ✳Chaneira
64%
Pflanze 🌿Chelcarain
64%
Feuer / BodenCamaub
55%
Feuer / BodenCamerupt
55%
Käfer / GesteinCastellith
55%
Pflanze / PsychoCelebi
55%
Wasser / GesteinCorasonn
55%
Unlicht / StahlCaesurio
45%
Flug / FeuerChoreogel
45%
Stahl / FeeClavion
45%
Fee 🧚🏼‍♂️Curelei
45%
Unlicht / PsychoCalamanero
36%
Käfer / GiftCerapendra
36%
Normal ✳Charmian
36%
Pflanze 🌿Chevrumm
36%
Normal ✳Chillabell
36%
Pflanze 🌿Chimpep
36%
Normal ✳Coiffwaff
36%
Psycho / PflanzeCoronospa
36%
Psycho 🧠Cresselia
36%
Drache / EisCryospino
36%
Pflanze 🌿Chimstix
27%
Geist / BodenColossand
27%
Psycho 🧠Cosmog
27%
Psycho 🧠Cosmovum
27%
Feuer / PsychoCrimanzo
27%
Käfer / StahlCavalanzas
18%
Unlicht / PflanzeChongjian
18%
Pflanze 🌿Cottini
18%
Pflanze 🌿Cottomi
18%
Fee / FlugCupidos
18%
Pflanze 🌿Chilingel
0%

Verteilung der Resultate

Perzentil nach korrekt beantworteten Fragen

Anzahl Personen mit jedem Resultat

Ihre Resultats-Entwicklung

Sie haben dieses Quiz noch nicht gespielt